Statistics for Numbers of Days per Month

Click here to take the quiz!

General Stats

  • This quiz has been taken 931 times
  • The average score is 13 of 13

Answer Stats

MonthDays% Correct
January31
100%
March31
100%
May31
100%
July31
100%
August31
100%
October31
100%
December31
100%
February28
99%
April30
99%
June30
99%
September30
99%
November30
99%
February (Leap Year)29
97%

Score Distribution

Percentile by Number Answered

Percent of People with Each Score

Your Score History

You have not taken this quiz